ბათუმის შოთა რუსთაველის სახელმწიფო უნივერსიტეტის ბიბლიოთეკა

Нефтехимия=Petrochemicals in Non-technical Language. (ბიბ.ჩანაწერი № 44546)

000 -LEADER
fixed length control field 00848nam a2200253Ia 4500
001 - CONTROL NUMBER
control field 11349
003 - CONTROL NUMBER IDENTIFIER
control field GE_BSU
008 - FIXED-LENGTH DATA ELEMENTS--GENERAL INFORMATION
fixed length control field 181216s||||||||xx |||||||||||||| ||und||
020 ## - INTERNATIONAL STANDARD BOOK NUMBER
International Standard Book Number 9785969302655
040 ## - CATALOGING SOURCE
Transcribing agency GE_BSU
080 ## - UNIVERSAL DECIMAL CLASSIFICATION NUMBER
Universal Decimal Classification number 665.65(075.8)
100 ## - MAIN ENTRY--PERSONAL NAME
Personal name Бардик,Доналд.Л; Уильям Л.Леффлер.
245 ## - TITLE STATEMENT
Title Нефтехимия=Petrochemicals in Non-technical Language.
245 ## - TITLE STATEMENT
Statement of responsibility, etc. Отв.ред:И.А.Боград; Я.Л.Рудерман;Пер.С.Англ.З.Свитанько.
250 ## - EDITION STATEMENT
Edition statement 3-е изд; перераб и доп.
260 ## - PUBLICATION, DISTRIBUTION, ETC.
Place of publication, distribution, etc. Москва.
260 ## - PUBLICATION, DISTRIBUTION, ETC.
Name of publisher, distributor, etc. Зао "ОЛИМП-БИЗНЕС
260 ## - PUBLICATION, DISTRIBUTION, ETC.
Date of publication, distribution, etc. 2014.
300 ## - PHYSICAL DESCRIPTION
Extent 496стр;илл;21см.
653 ## - INDEX TERM--UNCONTROLLED
Uncontrolled term Нефтехимия=Petrochemicals in Non-technical Language.
653 ## - INDEX TERM--UNCONTROLLED
Uncontrolled term ქიმია
942 ## - ADDED ENTRY ELEMENTS (KOHA)
Koha item type წიგნი
ეგზემპლარები
Withdrawn status Lost status Damaged status Not for loan Date acquired Barcode Date last seen Price effective from Koha item type Public note
        2018-12-17 35416 2018-12-17 2018-12-17 წიგნი 01-01
        2018-12-17 35417 2018-12-17 2018-12-17 წიგნი